Malgudi schooldays: (Record no. 188402)
[ view plain ]
| 000 -LEADER | |
|---|---|
| fixed length control field | 00975nam a2200241 a 4500 |
| 005 - DATE AND TIME OF LATEST TRANSACTION | |
| control field | 20220520122359.0 |
| 008 - FIXED-LENGTH DATA ELEMENTS--GENERAL INFORMATION | |
| fixed length control field | 080508s2008 ctua 000 0 eng |
| 010 ## - LCCN (DPL NO) | |
| LC control number | B-78130 |
| 020 ## - INTERNATIONAL STANDARD BOOK NUMBER | |
| Terms of availability | 199.00 |
| International Standard Book Number | 9780143335412 |
| 035 ## - SYSTEM CONTROL NUMBER | |
| System control number | B-78130 |
| 037 ## - SOURCE OF ACQUISITION | |
| Source of stock number/acquisition | PENGUIN BOOK INDIA |
| 040 ## - CATALOGING SOURCE | |
| Original cataloging agency | dpl |
| Language of cataloging | English |
| 082 ## - DEWEY DECIMAL CLASSIFICATION NUMBER | |
| Classification number | S |
| 100 ## - MAIN ENTRY--PERSONAL NAME | |
| Personal name | Narayan, R.K. |
| 245 ## - TITLE STATEMENT | |
| Title | Malgudi schooldays: |
| Statement of responsibility, etc | by R.K.Narayan; introduction by Shashi Deshpande; illustrated by R.K. Laxman |
| Remainder of title | the adventures of Swami and his friends / |
| 260 ## - PUBLICATION, DISTRIBUTION, ETC. (IMPRINT) | |
| Place of publication, distribution, etc | New Delhi |
| Name of publisher, distributor, etc | Puffin Books |
| Date of publication, distribution, etc | 2010 |
| 270 ## - ADDRESS | |
| Address | 11 Community Centre, Panchsheel Park, |
| City | New Delhi |
| Postal code | 110017 |
| 300 ## - PHYSICAL DESCRIPTION | |
| Extent | xi, 238p.: |
| Dimensions | 20cm(pbk) |
| Other physical details | ill |
| 520 ## - SUMMARY, ETC. | |
| Summary, etc | Collects anecdotes from teenagers about friendship, peer pressure, self-acceptance, family life, relationships, and overcoming obstacles. |
| 700 ## - ADDED ENTRY--PERSONAL NAME | |
| Personal name | Laxman, R.K. |
| 942 ## - ADDED ENTRY ELEMENTS (KOHA) | |
| Source of classification or shelving scheme | Dewey Decimal Classification |
| Item type | Children Books |
| Call number suffix | NAR |
| Classification part | S |
| Withdrawn status | Lost status | Source of classification or shelving scheme | Damaged status | Not for loan | Home library | Current library | Date acquired | Cost, normal purchase price | Total Checkouts | Total Renewals | Full call number | Barcode | Date last seen | Cost, replacement price | Koha item type |
|---|---|---|---|---|---|---|---|---|---|---|---|---|---|---|---|
| Dewey Decimal Classification | Sarojini Nagar | Sarojini Nagar | 20/05/2022 | 199.00 | 7 | 6 | S NAR | B-78130 | 04/06/2026 | 199.00 | English Books |
